000 00402nam a2200169Ia 4500
008 210210b1918 xxu||||| |||| 00| 0 eng d
041 _aeng
082 _a954/221
100 _aMARSHALL (J)
245 _aGuide to Taxila
260 _aCalcutta
_bSuperintendent of Government Printing
_c1918
650 _ato
650 _aTaxila
650 _aGuide
690 _aIndian History
906 _a025978
999 _c151903
_d151903